Lottery investment in parks may be wasted (Record no. 72805)
[ view plain ]
| 000 -LEADER | |
|---|---|
| fixed length control field | 00863cam a2200181 4500 |
| 001 - CONTROL NUMBER | |
| control field | WB3921-15 |
| 008 - FIXED-LENGTH DATA ELEMENTS--GENERAL INFORMATION | |
| fixed length control field | 030603n2003 000 0 eng u |
| 035 ## - SYSTEM CONTROL NUMBER | |
| System control number | (Sirsi) u122502 |
| 245 ## - TITLE STATEMENT | |
| Title | Lottery investment in parks may be wasted |
| 260 ## - PUBLICATION, DISTRIBUTION, ETC. | |
| Date of publication, distribution, etc. | 2003 |
| 490 ## - SERIES STATEMENT | |
| Series statement | Heritage Lottery Fund News Release |
| Volume/sequential designation | 22 May 2003 (3) |
| 520 ## - SUMMARY, ETC. | |
| Summary, etc. | A Heritage Lottery Fund report has warned that investment in public parks may be wasted if restored parks are not properly maintained and managed. It requires significant funds to be allocated by councils, with support from central government, to ensure parks are adequately looked after. Copies of "Park life" are available from t +44 (0)20 7591 6032. http://www.hlf.org.uk/cgi-bin/hlfframemast.pl?K=55887. |
| 590 ## - LOCAL NOTE (RLIN) | |
| Local note | WB |
| 650 ## - SUBJECT ADDED ENTRY--TOPICAL TERM | |
| Topical term or geographic name entry element | PARKS |
| 650 ## - SUBJECT ADDED ENTRY--TOPICAL TERM | |
| Topical term or geographic name entry element | LOTTERY FUNDING |
| 690 ## - LOCAL SUBJECT ADDED ENTRY--TOPICAL TERM (OCLC, RLIN) | |
| Topical term or geographic name as entry element | LEISURE AND RECREATION |
| 942 ## - ADDED ENTRY ELEMENTS (KOHA) | |
| Suppress in OPAC | 0 |
| Withdrawn status | Lost status | Source of classification or shelving scheme | Damaged status | Not for loan | Home library | Current library | Shelving location | Date acquired | Total Checkouts | Full call number | Barcode | Date last seen | Copy number | Price effective from | Koha item type |
|---|---|---|---|---|---|---|---|---|---|---|---|---|---|---|---|
| Dewey Decimal Classification | London | London | News article | 03/06/2003 | WB3921-15 | 122502-1001 | 06/08/2019 | 1 | 06/08/2019 | News article |